000 00534nam a2200229Ia 4500
003 OSt
005 20220928145651.0
006 a|||||r|||| 00| 0
007 ta
008 220927b |||||||| |||| 00| 0 eng d
024 _a81694
037 _cTextual
040 _aSDCL
_cSDCL
_beng
041 _2eng
_aeng
082 _aX65, L3
100 _aDougall Herbert E
_9513889
245 0 _aInvestments.
250 _a9
260 _c1973
942 _hX65, L3
_cTEXL
_2CC
999 _c834541
_d834541